000 00928cam a2200181 4500
001 L136149
008 070115n 000 0 eng u
035 _a(Sirsi) u136149
041 0 _aeng
110 1 _aEuropean Commission
_92292
245 0 0 _aEnergy for a changing world
_h[electronic resource]
520 _aProvides details of: EU energy policy; a roadmap for renewable energy; a report on progress in renewable electricity and one on progress in biofuels; prospects for the internal gas and electricity market; gas and electricity infrastructures; nuclear energy; sustainable power generation from fossil fuels; and details of a European strategic energy technology plan.
590 _aNTK
651 4 _aEUROPE
690 _aENVIRONMENTAL AND LAND CONSULTANCY-ENERGY-RENEWABLE ENERGY
856 _uhttps://ec.europa.eu/energy/energy_policy/index_en.htm
_zView the website free of charge at ec.europa.eu...
942 _n0
999 _c120553
_d120553